000 01222cam a22003377a 4500
003 CHAP
005 20220329141430.0
008 971013s1986 mx a r 00010 spa d
010 _a68036
011 _a69008
035 _a78482
040 _cCHAP
090 _aTesis
100 0 0 _aHernández Quitanilla, Mayra Guadalupe.
_954490
245 1 0 _aAdaptación de ocho cultivares de tomate (Lycopersicon esculentum Mill) en la región de Marín, N. L.
_c/por Mayra Guadalupe Hernández Quitanilla
260 _aMarín, N. L. :
_bEl autor,
_c1986
300 _a127 h. :
_bgráfs.
502 _aTesis (Ing. Agrónomo Fitotecnista) -- Univ. Autónoma de Nuevo León. Fac. de Agronomía
590 _aALEPH
_b10
_c20130110
_lUCH01
_h1404
590 _aBATCH-UPD
_b10
_c20130110
_lUCH01
_h0223
590 _aBATCH-UPD
_b10
_c20130110
_lUCH01
_h1118
590 _aBATCH-UPD
_b10
_c20130409
_lUCH01
_h2244
590 _aBATCH-UPD
_b10
_c20130914
_lUCH01
_h1610
590 _aCONVERSION
_b10
_c20130109
_lUCH01
_h1337
650 1 4 _aTomate
_xNuevo León.
_9113746
650 1 4 _aTomate
_xRendimiento.
_9113761
650 1 4 _aTomate
_xVariedades.
_9113777
901 _aBK
942 _cTESIS
949 _bBC
_cTES
_d-31356
_eTS1
_h19568
_i78482
_si
999 _c68036
_d68036